Guess Character by NON Quote Quiz Stats

 Plays Quiz not verified by Sporcle

Challenge
Share
Tweet
Embed
Score 0/30 Timer 05:00
0 Plays Today
NON-QUOTE CHARACTER % Correct
“Do you have something in wood or brick rather than pineapple?”Spongebob
69.6%
“The Semitic peoples have contributed much to our culture and our nation.”Adolph Hitler
56.5%
“You're my DAD? Cool!”Luke Skywalker
56.5%
“I was wrong. I am sorry.”Donald Trump
52.2%
“Fire, good”Frankenstein
47.8%
“I suppose you COULD say I had sex with that woman.”Bill Clinton
47.8%
“Please give me your clothes, but if you don't want to, no problem”The Terminator
43.5%
“Perhaps someday we'll get back together”Taylor Swift
43.5%
“That's a spoon alright”Neo
43.5%
“HOME is really nothing special. Can I stay here?”Dorothy
43.5%
“You killed my father, but I forgive you.”Inigo Montoya
43.5%
“No, I expect you to escape the moment I leave the room.”Auric Goldfinger
39.1%
“Very impressive, but I think I'll just stay here with my sheep.”Moses
39.1%
“Either wood or wire will do. I'm not fussy.”Joan Crawford
34.8%
“No, I would only send a photo of THAT to my wife”Anthony Weiner
34.8%
NON-QUOTE CHARACTER % Correct
“My heart breaks when I hear the lamentations of my enemies' women”Conan
34.8%
“This blood goeth well with my ring I doth believe”Lady Macbeth
34.8%
“You're the king. I have no problem with that. Can I go home now?”Eddard Stark
34.8%
“Father, destroy them! They know exactly what they're doing!”Jesus Christ
34.8%
“It's a beautiful sunny day, let's take a walk”Dracula
30.4%
“Don't drink that. You've had enough. I'll get you a cab.”Bill Cosby
30.4%
“It's barren and lifeless here. A complete waste of time and money.”Neil Armstrong
30.4%
“I've gotten a crappy break and consider myself incredibly unlucky”Lou Gehrig
30.4%
“I'm going to cut that indecipherable and confusing fight scene out.”Michael Bay
30.4%
“I think there's too much exposition. Let's just let the visuals tell the story.”Quentin Tarantino
30.4%
“Know what? I've decided to just make all the evil mutants kill each other.”Professor Xavier
30.4%
“We will surrender the first chance we have.”Winston Churchill
30.4%
“I don't like chicken. I don't eat chicken. Don't serve me chicken!”General Tso
26.1%
“I have no idea if we'll win. I'm certainly not going to guarantee it.”Joe Namath
26.1%
“I know you don't, but I think I CAN make you love me.”Bonnie Raitt
21.7%

You're not logged in!

Compare scores with friends on all Sporcle quizzes.
Join for Free
OR
Log In

You Might Also Like...

Show Comments

Extras

Top Quizzes Today


Score Distribution

Your Account Isn't Verified!

In order to create a playlist on Sporcle, you need to verify the email address you used during registration. Go to your Sporcle Settings to finish the process.

Report this User

Report this user for behavior that violates our Community Guidelines.

Details: